00320nam a2200109Ia 4500008004100000041000800041100002100049245006700070260003700137300000800174700002800182250110s9999 xx 000 0 und d aeng aAnekar Mrunalini aDynamics Of Chnage In Medium Cities With Respect To Built Form bM.Arch Environmental, Punec2014 a52p aGuide Name:Nawale Rahul